MARC

LEADER 00000nam0a2200000 4500
001 183474
005 20231101223747.0
035 |a (RuTPU)RU\TPU\book\198887 
090 |a 183474 
100 |a 20100722d1974 km y0rusy50 ca 
101 0 |a rus 
102 |a RU 
105 |a a z 001zy 
200 1 |a Программное управление оборудованием  |f В. А. Мясников, М. Б. Игнатьев, А. М. Покровский 
210 |a Ленинград  |c Машиностроение  |d 1974 
215 |a 544 с.  |c ил. 
320 |a Библиогр.: с. 537-640. 
606 1 |a Программные управления оптимальные  |2 stltpush  |3 (RuTPU)RU\TPU\subj\51803  |9 70366 
610 1 |a оборудование 
610 1 |a программное управление 
610 1 |a развитие 
610 1 |a структуры систем 
610 1 |a проектирование 
610 1 |a языки программирования 
610 1 |a адаптивные системы управления 
610 1 |a промышленные роботы 
675 |a 681.513.5  |v 3 
700 1 |a Мясников  |b В. А.  |g Владимир Александрович 
701 1 |a Игнатьев  |b М. Б.  |g Михаил Борисович 
701 1 |a Покровский  |b А. М.  |g Алексей Моисеевич 
801 1 |a RU  |b 63413507  |c 20100722 
801 2 |a RU  |b 63413507  |c 20220211  |g RCR 
942 |c BK